मध्यप्रदेश प्राथमिक शिक्षक पात्रता परीक्षा- 2020 21सेट्स पेपर -1 प्राथमिक स्तर कक्षा (I-V) (Record no. 65288)
[ view plain ]
| 000 -LEADER | |
|---|---|
| fixed length control field | 00418nam a2200097Ia 4500 |
| 008 - FIXED-LENGTH DATA ELEMENTS--GENERAL INFORMATION | |
| fixed length control field | 221009s9999 xx 000 0 und d |
| 082 ## - DEWEY DECIMAL CLASSIFICATION NUMBER | |
| Classification number | 370 |
| 100 ## - MAIN ENTRY--PERSONAL NAME | |
| Personal name | Guider |
| 9 (RLIN) | 79384 |
| 245 #0 - TITLE STATEMENT | |
| Title | मध्यप्रदेश प्राथमिक शिक्षक पात्रता परीक्षा- 2020 21सेट्स पेपर -1 प्राथमिक स्तर कक्षा (I-V) |
| 942 ## - ADDED ENTRY ELEMENTS (KOHA) | |
| Koha item type | Books |
No items available.









